Statistics for First 20 Countries in Alphabetical Order of Reversed Country Name

Click here to take the quiz!

General Stats

  • This quiz has been taken 49 times
  • The average score is 10 of 20

Answer Stats

ANSWER % Correct
adanaC
79%
abuC
67%
adubraB dna augitnA
62%
acirfA htuoS
56%
aciR atsoC
54%
aeniuG
54%
aeroK htuoS
51%
aibimaN
49%
aibmaG
49%
adanerG
49%
aeroK htroN
46%
adnagU
46%
adnawR
46%
acinimoD
44%
aeniuG weN aupaP
44%
aibarA iduaS
41%
aeniuG lairotauqE
41%
aciamaJ
41%
aertirE
41%
agnoT
41%

Score Distribution

Percentile by Number Answered

Percent of People with Each Score

Your Score History

You have not taken this quiz